[Event "Tournament 14471 - Europe Echecs"]
[Site "Europe Echecs"]
[Date "2020.07.09"]
[Round "4"]
[Time "15:35:07"]
[PlyCount "161"]
[White "BeurierNathan"]
[Black "DelestreAnatol"]
[WhiteElo "1429"]
[BlackElo "1768"]
[Mode "WEB"]
[Result "0-1"]

1. e4 c5 2. Nf3 a6 3. d4 cxd4 4. Nxd4 Nf6 5. Nc3 e5 6. Nf3 Bb4 7. Bd2 d6 8. Bd3
O-O 9. O-O Nbd7 10. Re1 Nc5 11. Nd5 Nxd5 12. exd5 Bxd2 13. Qxd2 Bg4 14. Be2 Bxf3
15. Bxf3 f5 16. b4 Nd7 17. g3 Rc8 18. Rac1 b5 19. Bg2 Nb6 20. Bf1 Qc7 21. f4 e4
22. Qe3 Nc4 23. Bxc4 Qxc4 24. a3 Qxd5 25. Qb6 Qc6 26. Qxc6 Rxc6 27. Re2 Rfc8 28.
Kf1 Kf7 29. Ke1 Ke6 30. Kd1 Rc3 31. Ra1 d5 32. a4 R3c4 33. axb5 axb5 34. Ra6+
R8c6 35. Ra7 Kf6 36. Rd7 d4 37. Rd2 Rxb4 38. R2xd4 Rxd4+ 39. Rxd4 Ke6 40. Rb4
Rc5 41. Rb2 Kd6 42. Kd2 Rd5+ 43. Ke3 Kc5 44. Ra2 Rd7 45. Ra8 Rc7 46. Rb8 Kb4 47.
Kd2 Kc4 48. Ke3 b4 49. Kd2 Rd7+ 50. Ke3 Rc7 51. Kd2 g6 52. h3 Rd7+ 53. Ke3 Kc5
54. g4 Rc7 55. Rh8 Kc4 56. Rb8 Kc3 57. Rb6 Rc4 58. Rb7 Kxc2 59. Rxh7 b3 60. Rb7
b2 61. gxf5 gxf5 62. h4 b1=Q 63. Rxb1 Kxb1 64. h5 Kc2 65. h6 Kc3 66. h7 Rc8 67.
Ke2 Rh8 68. Ke3 Rxh7 69. Ke2 Rh3 70. Kf2 Rf3+ 71. Ke2 Rxf4 72. Ke3 Rf3+ 73. Ke2
Rh3 74. Kf2 f4 75. Ke2 Rh2+ 76. Ke1 Ra2 77. Kf1 Kd3 78. Ke1 Rb2 79. Kf1 Ke3 80.
Kg1 Kf3 {BeurierNathan a abandonné} 0-1

[Event "Tournament 14471 - Europe Echecs"]
[Site "Europe Echecs"]
[Date "2020.07.09"]
[Round "4"]
[Time "15:35:07"]
[PlyCount "75"]
[White "PiquardYarosla"]
[Black "VuDinhAdrien"]
[WhiteElo "1415"]
[BlackElo "1740"]
[Mode "WEB"]
[Result "0-1"]

1. e4 e5 2. Nf3 Nc6 3. Bc4 Nf6 4. Ng5 Bc5 5. Nxf7 Bxf2+ 6. Kxf2 Nxe4+ 7. Kf1 Qh4
8. Qf3 Ng3+ 9. Kg1 Qxc4 10. Nxh8 Nxh1 11. Kxh1 Qg8 12. Qh5+ g6 13. Nxg6 hxg6 14.
Qe2 d6 15. c3 Qf7 16. d4 Bg4 17. Qe1 O-O-O 18. Be3 exd4 19. Bxd4 Nxd4 20. cxd4
Re8 21. Qg1 Re2 22. Nc3 Rxb2 23. Rf1 Bf5 24. g4 Qd5+ 25. Nxd5 Be4+ 26. Qg2 Bxg2+
27. Kg1 Bxd5 28. Rf2 Rb1+ 29. Rf1 Rxf1+ 30. Kxf1 Bxa2 31. h4 a5 32. h5 gxh5 33.
gxh5 Bg8 34. h6 a4 35. Ke2 a3 36. Kd2 a2 37. Kc2 a1=Q {PiquardYarosla a abandonné} 0-1

[Event "Tournament 14471 - Europe Echecs"]
[Site "Europe Echecs"]
[Date "2020.07.09"]
[Round "4"]
[Time "15:35:07"]
[PlyCount "75"]
[White "LeclercqRobin"]
[Black "MoraisThomas"]
[WhiteElo "1392"]
[BlackElo "1710"]
[Mode "WEB"]
[Result "0-1"]

1. d4 Nf6 2. c4 c5 3. d5 e6 4. dxe6 fxe6 5. Nc3 d5 6. cxd5 exd5 7. Nf3 Be7 8.
Bg5 O-O 9. e3 Nc6 10. Bb5 Bg4 11. Be2 h6 12. Bxf6 Bxf6 13. Qxd5+ Qxd5 14. Nxd5
Bxb2 15. Rb1 Ba3 16. O-O Rad8 17. Nf4 b6 18. h3 Bf5 19. Rb3 Bb4 20. Nh4 g5 21.
Nxf5 Rxf5 22. Bc4+ Kh8 23. Nd3 Na5 24. Be6 Rf6 25. Nxb4 cxb4 26. Rxb4 Rxe6 27.
Rc1 Rf6 28. Rc7 Rd2 29. Re4 Rdxf2 30. Ree7 Rf1+ 31. Kh2 Kg8 32. Rg7+ Kf8 33.
Rgd7 Rf7 34. Rc8+ Kg7 35. Rdd8 h5 36. Rg8+ Kf6 37. Rc6+ Nxc6 {LeclercqRobin a abandonné} 0-1

[Event "Tournament 14471 - Europe Echecs"]
[Site "Europe Echecs"]
[Date "2020.07.09"]
[Round "4"]
[Time "15:35:07"]
[PlyCount "188"]
[White "DameAxel"]
[Black "MicheliElora"]
[WhiteElo "1709"]
[BlackElo "1394"]
[Mode "WEB"]
[Result "1-0"]

1. Nf3 Nf6 2. c4 e6 3. b3 b6 4. g3 Bb7 5. Bg2 d5 6. Bb2 dxc4 7. bxc4 Be7 8. O-O
O-O 9. d4 c5 10. e3 Nc6 11. Qe2 Rc8 12. Rd1 cxd4 13. Nxd4 Qc7 14. Nb5 Qb8 15.
N1c3 a6 16. Nd4 Nxd4 17. Rxd4 Bxg2 18. Kxg2 Qb7+ 19. Kg1 Bc5 20. Rdd1 Rfd8 21.
Rxd8+ Rxd8 22. Rd1 Rd7 23. Na4 Rxd1+ 24. Qxd1 Be7 25. Qd4 Qd7 26. Nxb6 Qxd4 27.
Bxd4 Ne4 28. a4 Nd2 29. Kg2 Bd8 30. c5 Nb3 31. Kf3 e5 32. Bxe5 Nxc5 33. a5 Nb3
34. Bc3 f5 35. Kf4 g6 36. h4 Kf7 37. e4 fxe4 38. Kxe4 Ke6 39. f4 h5 40. Kd3 Kd6
41. Nc4+ Kc5 42. Bd4+ Kb5 43. Bb6 Bf6 44. Nd6+ Kb4 45. Ne4 Be7 46. Nc3 Nxa5 47.
Nd5+ Kb5 48. Bxa5 Bf8 49. Be1 a5 50. Nc3+ Kb4 51. Ne4+ Kb5 52. Nf6 a4 53. Bc3 a3
54. Ba1 Kb4 55. Nd5+ Kb3 56. Ne3 Ka2 57. Bd4 Kb1 58. Nc2 a2 59. Bc3 Bc5 60. Be5
Be7 61. Kd2 Bc5 62. Bc3 Be7 63. Bd4 Bd6 64. Bh8 Bc5 65. Bg7 Be7 66. Be5 Bc5 67.
Bc3 Be7 68. Ba5 a1=Q 69. Nxa1 Kxa1 70. Ke3 Kb2 71. Ke4 Bc5 72. Bc7 Bf2 73. f5
gxf5+ 74. Kxf5 Kc3 75. Kg5 Kc4 76. Kxh5 Kd5 77. g4 Ke6 78. g5 Kf7 79. Kg4 Kg8
80. h5 Kh7 81. Kf5 Bd4 82. Be5 Bc5 83. h6 Bb4 84. Bg7 Bd2 85. g6+ Kg8 86. Ke6
Be3 87. Ke7 Bg5+ 88. Ke6 Bd2 89. Kf5 Be3 90. Kg4 Bd2 91. Kh5 Be3 92. Bc3 Bxh6
93. Kxh6 Kf8 94. Kh7 {MicheliElora a abandonné} 1-0

[Event "Tournament 14471 - Europe Echecs"]
[Site "Europe Echecs"]
[Date "2020.07.09"]
[Round "4"]
[Time "15:35:07"]
[PlyCount "104"]
[White "LaouamriSamy"]
[Black "ToussaintFlore"]
[WhiteElo "1669"]
[BlackElo "1391"]
[Mode "WEB"]
[Result "1-0"]

1. e4 e5 2. Nf3 Nc6 3. Bc4 Nf6 4. d3 Bc5 5. c3 d6 6. Nbd2 Be6 7. Bb3 Bb6 8. Ke2
O-O 9. Re1 Ng4 10. Rf1 d5 11. h3 Nf6 12. Re1 dxe4 13. dxe4 Bxb3 14. axb3 Qd7 15.
Kf1 Rad8 16. Kg1 Nh5 17. Nxe5 Nxe5 18. Qxh5 Nd3 19. Rd1 Bxf2+ 20. Kh1 Bg3 21.
Rf1 Nf2+ 22. Kg1 Qc6 23. Rxf2 Qb6 24. Qf3 Bxf2+ 25. Qxf2 Qxf2+ 26. Kxf2 a6 27.
Nf3 Rd1 28. Ke2 Rfd8 29. Nd4 Rh1 30. Bg5 Rxa1 31. Bxd8 Ra2 32. Bxc7 Rxb2+ 33.
Kf3 Kf8 34. Bd6+ Ke8 35. e5 Kd7 36. b4 Rb1 37. c4 Rc1 38. c5 Rc4 39. Nf5 g6 40.
Ng3 Kc6 41. Ne4 Rxb4 42. Ng5 Rb3+ 43. Kf4 Rb4+ 44. Kg3 Rb3+ 45. Kh2 Kd7 46. Nxf7
a5 47. Ng5 a4 48. e6+ Ke8 49. Nxh7 a3 50. Nf6+ Kd8 51. e7+ Kc8 52. e8=Q# {ToussaintFlore est échec et mat} 1-0

[Event "Tournament 14471 - Europe Echecs"]
[Site "Europe Echecs"]
[Date "2020.07.09"]
[Round "4"]
[Time "15:35:07"]
[PlyCount "53"]
[White "CourjalJuliett"]
[Black "VilleneuveRobi"]
[WhiteElo "1388"]
[BlackElo "1662"]
[Mode "WEB"]
[Result "0-1"]

1. e4 e5 2. Nf3 Nc6 3. d4 exd4 4. c3 d5 5. exd5 Qxd5 6. cxd4 Nf6 7. Nc3 Bb4 8.
a3 Bxc3+ 9. bxc3 Bg4 10. Be2 O-O-O 11. O-O Rhe8 12. h3 Bh5 13. Be3 Ne7 14. Rb1
Nf5 15. c4 Qe4 16. g4 Nxe3 17. fxe3 Qxe3+ 18. Kh2 Bg6 19. Rb3 Qxe2+ 20. Qxe2
Rxe2+ 21. Kg1 Be4 22. d5 Bxf3 23. Rfxf3 Rde8 24. c5 Nxd5 25. Rfd3 Rc2 26. Rxd5
Re1# {CourjalJuliett est échec et mat} 0-1

[Event "Tournament 14471 - Europe Echecs"]
[Site "Europe Echecs"]
[Date "2020.07.09"]
[Round "4"]
[Time "15:35:07"]
[PlyCount "79"]
[White "BerezovskyFior"]
[Black "BelghoulMeyer"]
[WhiteElo "1646"]
[BlackElo "1371"]
[Mode "WEB"]
[Result "1/2-1/2"]

1. e4 c5 2. Nf3 Nc6 3. d4 cxd4 4. Nxd4 g6 5. Nc3 Bg7 6. Be3 Nf6 7. Be2 O-O 8. f3
d5 9. exd5 Nxd5 10. Nxd5 Qxd5 11. c3 Rd8 12. Nxc6 bxc6 13. O-O Bf5 14. Qxd5 cxd5
15. Rad1 Rab8 16. Rd2 e5 17. g4 Be6 18. Rfd1 Rd7 19. c4 d4 20. Bf2 Bh6 21. Rc2
Rbd8 22. Bd3 f5 23. Bh4 Rf8 24. gxf5 Bxf5 25. Re2 Be3+ 26. Kg2 Bxd3 27. Rxd3
Rdf7 28. Bf2 Bxf2 29. Kxf2 Rf5 30. Kg3 Rc8 31. b3 Kf7 32. Kg4 h6 33. h4 h5+ 34.
Kg3 Kf6 35. Kg2 Rc7 36. Re4 Rc6 37. Re2 Rc7 38. Re1 Rc8 39. Re2 Rc7 {Nulle par répétition} 1/2-1/2

[Event "Tournament 14471 - Europe Echecs"]
[Site "Europe Echecs"]
[Date "2020.07.09"]
[Round "4"]
[Time "15:35:07"]
[PlyCount "61"]
[White "LevyTheo"]
[Black "DruonThibault"]
[WhiteElo "1375"]
[BlackElo "1644"]
[Mode "WEB"]
[Result "0-1"]

1. Nf3 g6 2. g3 Bg7 3. Bg2 Nf6 4. O-O O-O 5. d3 d5 6. Nbd2 d4 7. c4 c5 8. Ng5
Nc6 9. Nge4 Nd7 10. Nb3 f5 11. Nexc5 e5 12. Ne6 Qe7 13. Nxf8 Nxf8 14. h4 h6 15.
a3 Be6 16. Nd2 a5 17. Nb3 a4 18. Nd2 g5 19. hxg5 hxg5 20. Nf3 Bf6 21. Bd2 Ng6
22. Qc1 f4 23. Rb1 Kg7 24. b4 Rh8 25. b5 Nd8 26. Bb4 Qd7 27. Rd1 Bh3 28. Ne1
Bxg2 29. Nxg2 Qh3 30. f3 fxg3 {LevyTheo a abandonné} 0-1

[Event "Tournament 14471 - Europe Echecs"]
[Site "Europe Echecs"]
[Date "2020.07.09"]
[Round "4"]
[Time "15:35:07"]
[PlyCount "54"]
[White "ChaumetEtienne"]
[Black "CarrollAlden"]
[WhiteElo "1639"]
[BlackElo "1370"]
[Mode "WEB"]
[Result "1-0"]

1. e4 c5 2. Nf3 d6 3. d4 cxd4 4. Nxd4 a6 5. Nc3 Nf6 6. f3 e5 7. Nb3 Be7 8. Be3
O-O 9. Qd2 Nc6 10. O-O-O Qc7 11. g4 Be6 12. Nd5 Bxd5 13. exd5 Na7 14. h4 Rfc8
15. Rh2 b5 16. h5 Kf8 17. g5 Nd7 18. g6 h6 19. Bxh6 Qxc2+ 20. Qxc2 Rxc2+ 21.
Rxc2 gxh6 22. gxf7 Kxf7 23. Bh3 Bg5+ 24. Kb1 Ke8 25. Rc7 Nb6 26. Rh7 Nc4 27.
Rh8+ {CarrollAlden a abandonné} 1-0

[Event "Tournament 14471 - Europe Echecs"]
[Site "Europe Echecs"]
[Date "2020.07.09"]
[Round "4"]
[Time "15:35:07"]
[PlyCount "56"]
[White "BousmahaLeila"]
[Black "GabinoKarl"]
[WhiteElo "1638"]
[BlackElo "1331"]
[Mode "WEB"]
[Result "1-0"]

1. e4 c5 2. Nf3 g6 3. d4 cxd4 4. Nxd4 Bg7 5. c4 Nc6 6. Be3 Nf6 7. Nc3 O-O 8. Be2
d6 9. O-O a5 10. f3 Bd7 11. Kh1 Rc8 12. Rc1 Ne5 13. b3 e6 14. Qd2 Qe7 15. Rfd1
Rfd8 16. Bg5 Qf8 17. Qb2 Be8 18. f4 Nc6 19. Nxc6 bxc6 20. e5 dxe5 21. Rxd8 Rxd8
22. fxe5 Nd7 23. Bxd8 Nxe5 24. Bxa5 c5 25. Qa3 Bc6 26. Na4 Bh6 27. Rd1 Qa8 28.
Rd8+ {GabinoKarl a abandonné} 1-0

[Event "Tournament 14471 - Europe Echecs"]
[Site "Europe Echecs"]
[Date "2020.07.09"]
[Round "4"]
[Time "15:35:07"]
[PlyCount "89"]
[White "GutcakiDaniil"]
[Black "MenouxJoachim"]
[WhiteElo "1373"]
[BlackElo "1627"]
[Mode "WEB"]
[Result "0-1"]

1. e4 e6 2. d4 d5 3. Nc3 Nf6 4. Bd3 c5 5. e5 Nfd7 6. Nf3 Nc6 7. Be3 cxd4 8. Bxd4
Nxd4 9. Nxd4 Nxe5 10. O-O Be7 11. Bb5+ Bd7 12. Bxd7+ Qxd7 13. Re1 Ng6 14. Qd3
O-O 15. Re2 Nf4 16. Qf3 Nxe2+ 17. Ncxe2 Bf6 18. Rd1 Rac8 19. c3 Qa4 20. Ra1 Rfe8
21. Nb3 Qb5 22. h3 a5 23. Re1 a4 24. Ned4 Bxd4 25. Nxd4 Qxb2 26. Re2 Qxc3 27.
Qxc3 Rxc3 28. Nb5 Rc1+ 29. Kh2 g6 30. Nd4 Rec8 31. f3 R8c4 32. Rd2 Kg7 33. g4
Rxd4 34. Rxd4 Rc2+ 35. Kg3 Rxa2 36. Rb4 Ra1 37. Kf4 a3 38. Rxb7 a2 39. Ra7 e5+
40. Kg3 Rg1+ 41. Kf2 a1=Q 42. Rxa1 Rxa1 43. Ke3 Ra3+ 44. Ke2 d4 {GutcakiDaniil a abandonné} 0-1

[Event "Tournament 14471 - Europe Echecs"]
[Site "Europe Echecs"]
[Date "2020.07.09"]
[Round "4"]
[Time "15:35:07"]
[PlyCount "74"]
[White "GignouxPezzett"]
[Black "ZaninClement"]
[WhiteElo "1605"]
[BlackElo "1327"]
[Mode "WEB"]
[Result "1-0"]

1. e4 e5 2. Nf3 Nc6 3. Bc4 Bc5 4. c3 d6 5. d4 exd4 6. cxd4 Bb6 7. h3 Nge7 8. O-O
O-O 9. Nc3 Ng6 10. Bg5 Qe8 11. Bb5 Bd7 12. Re1 f6 13. Be3 a6 14. Bc4+ Kh8 15. a3
Na5 16. Ba2 Qe7 17. Qd2 Be6 18. d5 Bd7 19. b4 Nc6 20. dxc6 Bxc6 21. Bxb6 cxb6
22. Rad1 Rad8 23. Nd5 Qc7 24. Nxc7 Rc8 25. Nd5 Ba4 26. Rc1 Rcd8 27. Nxb6 Bb5 28.
Nd5 Ne5 29. Nd4 Bd7 30. Nf4 Ba4 31. Nde6 Rde8 32. Nxf8 Rxf8 33. Qxd6 Rg8 34.
Bxg8 Kxg8 35. Qe6+ Nf7 36. Rc8+ Be8 37. Rxe8# {ZaninClement est échec et mat} 1-0

[Event "Tournament 14471 - Europe Echecs"]
[Site "Europe Echecs"]
[Date "2020.07.09"]
[Round "4"]
[Time "15:35:07"]
[PlyCount "104"]
[White "OumerWalid"]
[Black "CiarlettaUlyss"]
[WhiteElo "1365"]
[BlackElo "1599"]
[Mode "WEB"]
[Result "0-1"]

1. e4 c5 2. Nf3 Nc6 3. d4 cxd4 4. Nxd4 Nf6 5. Nc3 e5 6. Ndb5 d6 7. Bg5 a6 8. Na3
b5 9. Nd5 Be7 10. Nxf6+ gxf6 11. Be3 f5 12. f3 f4 13. Bf2 Be6 14. c3 d5 15. exd5
Qxd5 16. Qxd5 Bxd5 17. Nc2 O-O-O 18. a4 Bc4 19. axb5 axb5 20. Bxc4 bxc4 21. Bb6
Rdg8 22. Kf2 Kb7 23. Ba5 Bc5+ 24. Kf1 Ra8 25. Bb4 Rxa1+ 26. Nxa1 Nxb4 27. cxb4
Bxb4 28. Nc2 Bc5 29. g3 Ra8 30. Kg2 Rd8 31. Kh3 Rd2 32. Na3 Bxa3 33. bxa3 fxg3
34. hxg3 c3 35. Rc1 c2 36. Kg4 Ka6 37. Kf5 Re2 38. Kf6 Ka5 39. Kxf7 Ka4 40. Ra1
Rd2 41. Rc1 Kxa3 42. Kg7 Kb2 43. Rxc2+ Kxc2 44. Kxh7 Rf2 45. g4 Rxf3 46. g5 e4
47. g6 Rg3 48. g7 e3 49. g8=Q Rxg8 50. Kxg8 e2 51. Kf7 e1=Q 52. Kf6 {OumerWalid a abandonné} 0-1

[Event "Tournament 14471 - Europe Echecs"]
[Site "Europe Echecs"]
[Date "2020.07.09"]
[Round "4"]
[Time "15:35:07"]
[PlyCount "151"]
[White "LalondeHugo"]
[Black "EboueYuri"]
[WhiteElo "1590"]
[BlackElo "1304"]
[Mode "WEB"]
[Result "0-1"]

1. d3 c6 2. g3 d5 3. Bg2 Bf5 4. Nf3 Nf6 5. Bg5 Nbd7 6. Nbd2 h6 7. Bxf6 Nxf6 8.
Nh4 Bh7 9. O-O e6 10. c4 Bc5 11. a3 a5 12. Nb3 Qd6 13. d4 Ba7 14. c5 Qc7 15. a4
b6 16. Rc1 Rc8 17. Qd2 g5 18. Nf3 Ne4 19. Qe3 bxc5 20. Nxc5 Nxc5 21. dxc5 Qb7
22. b3 Qb4 23. Qe5 Rg8 24. Qc3 Rb8 25. Qxb4 Rxb4 26. Rc3 Ke7 27. Ne5 Rc8 28.
Rfc1 f6 29. Nd3 Bxd3 30. exd3 Bb8 31. Rb1 Be5 32. Rc2 Rcb8 33. Re2 Rxb3 34. Rxb3
Rxb3 35. Bh3 Rxd3 36. f4 gxf4 37. gxf4 Rxh3 38. fxe5 fxe5 39. Rxe5 Rh4 40. Kg2
Rxa4 41. Rh5 Rc4 42. Rxh6 Rxc5 43. h4 a4 44. h5 a3 45. Rh7+ Kd6 46. Ra7 Rc2+ 47.
Kg3 Ra2 48. h6 Ra1 49. h7 Rh1 50. Kg2 Rh6 51. Kg3 a2 52. h8=Q Rxh8 53. Rxa2 Rf8
54. Ra6 d4 55. Ra2 Kd5 56. Re2 e5 57. Rh2 c5 58. Rh7 c4 59. Rd7+ Ke4 60. Rc7 Kd3
61. Ra7 c3 62. Ra2 e4 63. Ra3 e3 64. Ra2 Rf2 65. Rxf2 exf2 66. Kxf2 c2 67. Kf3
c1=Q 68. Kg4 Qf1 69. Kg3 Ke3 70. Kh4 Qg2 71. Kh5 Kf4 72. Kh6 Kf5 73. Kh7 Kf6 74.
Kh8 Kf7 75. Kh7 Qg7# {LalondeHugo est échec et mat} 0-1

[Event "Tournament 14471 - Europe Echecs"]
[Site "Europe Echecs"]
[Date "2020.07.09"]
[Round "4"]
[Time "15:35:07"]
[PlyCount "99"]
[White "BeaurainYanis"]
[Black "VasselinLouis"]
[WhiteElo "1342"]
[BlackElo "1590"]
[Mode "WEB"]
[Result "0-1"]

1. e4 e6 2. d4 d5 3. exd5 exd5 4. Nf3 c5 5. Nc3 Nf6 6. Bb5+ Nc6 7. Be3 c4 8. h3
a6 9. Bxc6+ bxc6 10. Bg5 Be7 11. O-O O-O 12. Re1 h6 13. Bh4 Bf5 14. b3 Bb4 15.
Re3 cxb3 16. axb3 Qd6 17. Qe2 Ne4 18. Nxe4 dxe4 19. Bg3 Qd7 20. Nh4 Bh7 21. Rxa6
Qxd4 22. Rxc6 Ra1+ 23. Kh2 Re1 24. Rc4 Qa7 25. Qg4 Rxe3 26. fxe3 Bc5 27. Nf5
Bxf5 28. Qxf5 Bxe3 29. Rxe4 Bg1+ 30. Kh1 Bd4 31. Qg4 Bf6 32. Bf4 Qa1+ 33. Kh2 h5
34. Qxh5 Bd4 35. Be3 Bxe3 36. Rxe3 Qc1 37. Rc3 Qf4+ 38. Rg3 Re8 39. Qg4 Qe5 40.
Qg5 Qd4 41. Rg4 Qd6+ 42. Rg3 g6 43. Qb5 Re3 44. Qg5 Rc3 45. Kh1 Rxg3 46. Qh6 Rc3
47. Qe3 Rxe3 48. Kg1 Re2 49. Kf1 Qd1# {BeaurainYanis est échec et mat} 0-1

[Event "Tournament 14471 - Europe Echecs"]
[Site "Europe Echecs"]
[Date "2020.07.09"]
[Round "4"]
[Time "15:35:07"]
[PlyCount "55"]
[White "DelageKenael"]
[Black "PaiLiuPaul"]
[WhiteElo "1223"]
[BlackElo "1560"]
[Mode "WEB"]
[Result "0-1"]

1. e4 e5 2. Nf3 Nc6 3. d4 exd4 4. Nxd4 Nf6 5. Nxc6 bxc6 6. Bd3 d5 7. Nd2 dxe4 8.
Nxe4 Nxe4 9. Bxe4 Qe7 10. Qe2 Bd7 11. O-O f5 12. Bf3 Qxe2 13. Bxe2 Bc5 14. Bf4
O-O-O 15. Ba6+ Kb8 16. Rfb1 h6 17. b4 Bb6 18. a4 g5 19. a5 Bd4 20. Ra3 gxf4 21.
c3 Be5 22. c4 Be6 23. b5 c5 24. b6 cxb6 25. axb6 axb6 26. Rxb6+ Kc7 27. Rxe6
Rd1# {DelageKenael est échec et mat} 0-1

[Event "Tournament 14471 - Europe Echecs"]
[Site "Europe Echecs"]
[Date "2020.07.09"]
[Round "4"]
[Time "15:35:07"]
[PlyCount "63"]
[White "BataillePaul"]
[Black "PousAntoine"]
[WhiteElo "1198"]
[BlackElo "1554"]
[Mode "WEB"]
[Result "0-1"]

1. e4 e5 2. Nc3 Nc6 3. Bc4 Nf6 4. d3 Be7 5. f4 d6 6. Nf3 Bg4 7. fxe5 Nxe5 8. O-O
Qd7 9. Bb3 O-O-O 10. Qe1 Nxf3+ 11. gxf3 Bh3 12. Rf2 Nh5 13. Re2 g5 14. Bxf7 Rdf8
15. Bxh5 Rhg8 16. Qg3 g4 17. f4 Qd8 18. f5 Bh4 19. Qe3 g3 20. Qf4 gxh2+ 21. Kxh2
Bg3+ 22. Qxg3 Rxg3 23. Kxg3 Bf1 24. Rf2 Rg8+ 25. Kf3 Bh3 26. Rh2 Qh4 27. Bf7
Qg3+ 28. Ke2 Qxh2+ 29. Ke3 Qg1+ 30. Ke2 Rg2+ 31. Kf3 Qf2# {BataillePaul est échec et mat} 0-1

[Event "Tournament 14471 - Europe Echecs"]
[Site "Europe Echecs"]
[Date "2020.07.09"]
[Round "4"]
[Time "15:35:07"]
[PlyCount "53"]
[White "BassingCassand"]
[Black "TaharountIlyan"]
[WhiteElo "1191"]
[BlackElo "1547"]
[Mode "WEB"]
[Result "0-1"]

1. e4 e5 2. Nf3 Nc6 3. Bc4 Bc5 4. O-O d6 5. c3 Bg4 6. h3 Bh5 7. d3 Nf6 8. Be3
Bb6 9. Nbd2 O-O 10. Qc2 Qd7 11. d4 Rfe8 12. Rfe1 exd4 13. cxd4 Bg6 14. Bd3 Nb4
15. Qc3 Nxd3 16. Qxd3 Nxe4 17. Qb3 Nxd2 18. Bxd2 Bh5 19. d5 Qf5 20. g4 Bxg4 21.
hxg4 Qxg4+ 22. Kh2 Bxf2 23. Rxe8+ Rxe8 24. Ng1 Bxg1+ 25. Rxg1 Re2+ 26. Kh1 Qh4+ {BassingCassand a abandonné} 0-1

[Event "Tournament 14471 - Europe Echecs"]
[Site "Europe Echecs"]
[Date "2020.07.09"]
[Round "4"]
[Time "15:35:07"]
[PlyCount "35"]
[White "DoucetPierreAl"]
[Black "GrondinMarine"]
[WhiteElo "1177"]
[BlackElo "1533"]
[Mode "WEB"]
[Result "0-1"]

1. e4 e6 2. d4 d5 3. exd5 exd5 4. Nf3 Bd6 5. Nc3 Nf6 6. Bg5 c6 7. Bd3 Bg4 8. h3
Bh5 9. g4 Bg6 10. Qd2 Bxd3 11. Qxd3 Nbd7 12. O-O-O O-O 13. Nh4 h6 14. Be3 Ne4
15. Nxe4 dxe4 16. Qxe4 Qxh4 17. g5 Qxe4 {DoucetPierreAl a abandonné} 0-1

[Event "Tournament 14471 - Europe Echecs"]
[Site "Europe Echecs"]
[Date "2020.07.09"]
[Round "4"]
[Time "15:35:07"]
[PlyCount "115"]
[White "BennounaGreene"]
[Black "KienLancelot"]
[WhiteElo "1156"]
[BlackElo "1528"]
[Mode "WEB"]
[Result "0-1"]

1. d4 d5 2. Bf4 Nf6 3. Nf3 e6 4. e3 c5 5. c4 dxc4 6. Bxc4 b6 7. Bb5+ Nbd7 8. Qa4
Bb7 9. O-O a6 10. Bxd7+ Qxd7 11. Qxd7+ Nxd7 12. dxc5 Bxc5 13. Nc3 O-O 14. Ne5
Nxe5 15. Bxe5 Rad8 16. Rfd1 Bb4 17. a3 Bxc3 18. Bxc3 Bd5 19. Bd4 Rd6 20. Rac1
Rfd8 21. Rd3 Be4 22. Rdc3 e5 23. Rc8 exd4 24. exd4 Rxd4 25. f3 Bb7 26. R8c7 R4d7
27. Rxd7 Rxd7 28. Re1 h6 29. Re8+ Kh7 30. Rb8 Kg6 31. Kf1 Kf5 32. g3 Ke5 33. Ke2
Kd6 34. Rg8 f6 35. Rb8 Kc6 36. Rg8 a5 37. b3 Ba6+ 38. Ke3 Rd5 39. Rxg7 Rd3+ 40.
Ke4 Rxb3 41. Rg6 Bd3+ 42. Kf4 Bxg6 43. Kg4 h5+ 44. Kh4 Rb2 45. Kh3 Rb3 46. f4
Rxa3 47. Kg2 Bf5 48. h4 Bg4 49. Kf2 b5 50. Ke1 b4 51. Kd2 Kc5 52. Kc1 Kc4 53.
Kb2 a4 54. Kb1 Kc3 55. Kc1 b3 56. Kb1 b2 57. f5 Ra1# {BennounaGreene est échec et mat} 0-1

[Event "Tournament 14471 - Europe Echecs"]
[Site "Europe Echecs"]
[Date "2020.07.09"]
[Round "4"]
[Time "15:35:07"]
[PlyCount "88"]
[White "FondratJohan"]
[Black "SivasankaranSa"]
[WhiteElo "1509"]
[BlackElo "1216"]
[Mode "WEB"]
[Result "1-0"]

1. e4 e5 2. Nf3 Nc6 3. Bc4 Bc5 4. O-O Nf6 5. d3 d6 6. h3 h6 7. c3 Bb6 8. Re1 O-O
9. Nbd2 Be6 10. Bb3 Qd7 11. Nf1 Nh7 12. Be3 Kh8 13. Bxb6 axb6 14. Ne3 Qe7 15. d4
exd4 16. Nxd4 Bxb3 17. Qxb3 Nxd4 18. cxd4 Qxe4 19. Nd5 Qxd4 20. Nxc7 Rac8 21.
Re7 Ng5 22. Rd1 Qf6 23. Nd5 Qg6 24. Nxb6 Rc6 25. Nd5 Rfc8 26. Ree1 Rc2 27. Ne3
Nf3+ 28. Kh1 Nxe1 29. Rxe1 Rxf2 30. Qxb7 Re8 31. Qc6 f6 32. Kg1 Rxb2 33. a4 Rb1
34. Rxb1 Qxb1+ 35. Nf1 Re1 36. Qc8+ Kh7 37. Qc4 Rc1 38. Qe2 Qc2 39. Qf3 Qc5+ 40.
Kh1 Kg8 41. Kh2 Qe5+ 42. Ng3 Rc3 43. Qf2 Qd4 44. Qxd4 {SivasankaranSa a perdu au temps} 1-0

[Event "Tournament 14471 - Europe Echecs"]
[Site "Europe Echecs"]
[Date "2020.07.09"]
[Round "4"]
[Time "15:35:07"]
[PlyCount "57"]
[White "DuplanManuel"]
[Black "OkhanianGiorgi"]
[WhiteElo "1020"]
[BlackElo "1490"]
[Mode "WEB"]
[Result "0-1"]

1. e4 e5 2. Nf3 Nc6 3. Bb5 a6 4. Bxc6 dxc6 5. Nxe5 Qd4 6. Nf3 Qxe4+ 7. Qe2 Qxe2+
8. Kxe2 Bf5 9. d3 O-O-O 10. Re1 Nf6 11. Kf1 Bd6 12. Nc3 h6 13. Bd2 Bg4 14. h3
Bxf3 15. gxf3 Rhe8 16. Be3 Nh5 17. Kg2 Nf4+ 18. Kg3 Nxd3+ 19. f4 Nxe1 20. Rxe1
g5 21. Nd1 gxf4+ 22. Kg2 fxe3 23. Nxe3 f5 24. Kf1 f4 25. Ng4 Rxe1+ 26. Kxe1 h5
27. Nf6 Be5 28. Nxh5 Rh8 {DuplanManuel a abandonné} 0-1

[Event "Tournament 14471 - Europe Echecs"]
[Site "Europe Echecs"]
[Date "2020.07.09"]
[Round "4"]
[Time "15:35:07"]
[PlyCount "68"]
[White "GuichonPaul"]
[Black "NegreMaxime"]
[WhiteElo "1486"]
[BlackElo "1105"]
[Mode "WEB"]
[Result "1-0"]

1. e4 e5 2. Nc3 Nf6 3. Bc4 Bc5 4. d3 h6 5. f4 d6 6. Nf3 Bg4 7. h3 Bxf3 8. Qxf3
Nc6 9. Bb5 Qd7 10. Be3 Bb6 11. Nd5 Ng8 12. g4 Nge7 13. f5 a6 14. Bxb6 axb5 15.
Nxc7+ Kf8 16. Nxa8 Nd4 17. Bxd4 exd4 18. Nb6 Qc6 19. Nd5 Ke8 20. Nxe7 Kxe7 21.
Qf2 f6 22. O-O h5 23. gxh5 Rxh5 24. h4 Kf7 25. Qg3 Rh6 26. Rf2 d5 27. Rg2 Rh7
28. exd5 Qd7 29. Re1 Kg8 30. Qg6 Rxh4 31. Re8+ Qxe8 32. Qxe8+ Kh7 33. Rh2 Rxh2
34. Kxh2 {NegreMaxime a abandonné} 1-0

[Event "Tournament 14471 - Europe Echecs"]
[Site "Europe Echecs"]
[Date "2020.07.09"]
[Round "4"]
[Time "15:35:07"]
[PlyCount "85"]
[White "BourgineQuenti"]
[Black "MorenoChabotCl"]
[WhiteElo "999"]
[BlackElo "1476"]
[Mode "WEB"]
[Result "0-1"]

1. e4 c5 2. Nc3 g6 3. Nf3 Nc6 4. d3 Bg7 5. Be2 d6 6. h3 Nf6 7. O-O O-O 8. Nd5
Nxd5 9. exd5 Ne5 10. Bg5 Nxf3+ 11. Bxf3 Bd7 12. Qd2 Rb8 13. Rae1 Re8 14. c4 f6
15. Bf4 Kf7 16. Bg4 Bxg4 17. hxg4 Qd7 18. Qe2 b5 19. b3 a5 20. a4 bxa4 21. bxa4
Rb4 22. Ra1 Rxa4 23. Rxa4 Qxa4 24. g5 Qd7 25. gxf6 exf6 26. Qf3 a4 27. Bc1 Qe7
28. Qd1 Qd7 29. Re1 Rxe1+ 30. Qxe1 Qe7 31. Qxe7+ Kxe7 32. Ba3 f5 33. f4 Bd4+ 34.
Kh2 Kf6 35. g3 g5 36. fxg5+ Kxg5 37. Kg2 Kg4 38. Bc1 Be5 39. Bh6 a3 40. Bc1 a2
41. Bf4 Bxf4 42. gxf4 a1=Q {BourgineQuenti a abandonné} 0-1